Community of Portuguese Language Countries Members - Statistics

General Stats
  • This quiz has been taken 37 times
  • The average score is 16 of 27
Answer Stats
Country % Correct
Brazil
100%
Portugal
100%
Mozambique
97%
Angola
94%
Cape Verde
90%
Uruguay
90%
East Timor
87%
São Tomé and Príncipe
84%
Equatorial Guinea
77%
Guinea Bissau
77%
France
74%
Argentina
71%
Chile
65%
United Kingdom
65%
Italy
58%
Andorra
55%
Namibia
45%
Japan
39%
Luxembourg
35%
Senegal
35%
Turkey
32%
Mauritius
26%
Czechia
23%
Slovakia
23%
Hungary
16%
Serbia
16%
Georgia
13%
No matching quizzes found
Score Distribution
Percent of People with Each Score
Percentile by Number Answered
Your Score History
You have not taken this quiz